书目信息 |
| 题名: |
清洁发展机制项目审定和核查手册解读与探讨
|
|
| 作者: | 马燕合 , 郭日生 主编 | |
| 分册: | ||
| 出版信息: | 北京 科学出版社 2010 |
|
| 页数: | 104页 | |
| 开本: | 26cm | |
| 丛书名: | ||
| 单 册: | ||
| 中图分类: | X383 | |
| 科图分类: | ||
| 主题词: | 无污染工艺--研究 , 无污染工艺 | |
| 电子资源: | ||
| ISBN: | 978-7-03-026789-4 | |
| 000 | 01246nam0 2200277 450 | |
| 001 | 012015000263 | |
| 005 | 20150911082600.32 | |
| 010 | @a978-7-03-026789-4@dCNY45.00 | |
| 100 | @a20100331d2010 em y0chiy50 ea | |
| 101 | 0 | @achi |
| 102 | @aCN@b110000 | |
| 105 | @ay z 000yy | |
| 106 | @ar | |
| 200 | 1 | @a清洁发展机制项目审定和核查手册解读与探讨@Aqing jie fa zhan ji zhi xiang mu shen ding he he cha shou ce jie du yu tan tao@dIntroduction and interpretation of CDM validation and verification manual@f马燕合,郭日生主编@zeng |
| 210 | @a北京@c科学出版社@d2010 | |
| 215 | @a104页@d26cm | |
| 300 | @a本书得到联合国计划署“实现千年发展目标的中国清洁发展机制开发合作项目”和“十一五”国家科技支撑计划重大项目“全球环境变化应对技术研究与示范”的支持 | |
| 330 | @a本书分为三章,首先介绍了VVM的产生背景及主要内容;其次对VVM的每项条款,分别从研究专家和审定审查机构两个角度进行了剖析;最后讨论了VVM和CDM项目实践的影响。 | |
| 510 | 1 | @aIntroduction and interpretation of CDM validation and verification manual@zeng |
| 606 | 0 | @a无污染工艺@x研究 |
| 606 | 0 | @a无污染工艺 |
| 690 | @aX383@v5 | |
| 701 | 0 | @a马燕合@Ama yan he@4主编 |
| 701 | 0 | @a郭日生@Aguo ri sheng@4主编 |
| 801 | 0 | @aCN@b碧洲教育@c20150716 |
| 905 | @a10447@f3@dX383@e188 | |
| 清洁发展机制项目审定和核查手册解读与探讨=Introduction and interpretation of CDM validation and verification manual/马燕合,郭日生主编.-北京:科学出版社,2010 |
| 104页;26cm |
| 本书得到联合国计划署“实现千年发展目标的中国清洁发展机制开发合作项目”和“十一五”国家科技支撑计划重大项目“全球环境变化应对技术研究与示范”的支持 |
| ISBN 978-7-03-026789-4:CNY45.00 |
| 本书分为三章,首先介绍了VVM的产生背景及主要内容;其次对VVM的每项条款,分别从研究专家和审定审查机构两个角度进行了剖析;最后讨论了VVM和CDM项目实践的影响。 |
| ● |
| 相关链接 |
|
|
|
|
正题名:清洁发展机制项目审定和核查手册解读与探讨
索取号:X383/188
 
预约/预借
| 序号 | 登录号 | 条形码 | 馆藏地/架位号 | 状态 | 备注 |
| 1 | 0870034 | 208700342 | 第二样本阅览室/ [索取号:X383/188] | 在馆 | |
| 2 | 0870035 | 208700351 | 第三借阅区/ [索取号:X383/188] | 在馆 | |
| 3 | 0870036 | 208700360 | 第三借阅区/ [索取号:X383/188] | 在馆 |